Leadership Lifestyle / (Record no. 3470)

MARC details
000 -LEADER
fixed length control field 00484nam a2200181Ia 4500
003 - CONTROL NUMBER IDENTIFIER
control field GBCCL
005 - DATE AND TIME OF LATEST TRANSACTION
control field 20241126110455.0
008 - FIXED-LENGTH DATA ELEMENTS--GENERAL INFORMATION
fixed length control field 171128b xxu||||| |||| 00| 0 eng d
020 ## - INTERNATIONAL STANDARD BOOK NUMBER
International Standard Book Number 0 8423 2130 6
040 ## - CATALOGING SOURCE
Transcribing agency gbc
082 ## - DEWEY DECIMAL CLASSIFICATION NUMBER
Classification number 262.1
Item number FER
100 ## - MAIN ENTRY--PERSONAL NAME
Personal name Fernando, Ajith
9 (RLIN) 3283
245 ## - TITLE STATEMENT
Title Leadership Lifestyle /
Statement of responsibility, etc. Ajith Fernando
260 ## - PUBLICATION, DISTRIBUTION, ETC.
Name of publisher, distributor, etc. Tyndale House Publishers,
Place of publication, distribution, etc. Illinois:
Date of publication, distribution, etc. 1985
300 ## - PHYSICAL DESCRIPTION
Extent 160p.;
Dimensions 17 cm.
650 ## - SUBJECT ADDED ENTRY--TOPICAL TERM
Topical term or geographic name entry element Christian Leadership
9 (RLIN) 1568
942 ## - ADDED ENTRY ELEMENTS (KOHA)
Source of classification or shelving scheme Dewey Decimal Classification
Koha item type Books
Koha issues (borrowed), all copies 22
Holdings
Withdrawn status Lost status Source of classification or shelving scheme Damaged status Not for loan Home library Current Library Shelving location Date acquired Total checkouts Full call number Barcode Date last seen Date last checked out Copy number Price effective from Koha item type
    Dewey Decimal Classification     GRACE BIBLE COLLEGE GRACE BIBLE COLLEGE Ministry & Mission 2017-11-28 3 262.1 FER 012142 2025-05-01 2020-11-10 c.1 2017-11-28 Books
    Dewey Decimal Classification     GRACE BIBLE COLLEGE GRACE BIBLE COLLEGE Ministry & Mission 2017-11-28 5 262.1 FER 012143 2025-05-01 2020-11-03 c.2 2017-11-28 Books
    Dewey Decimal Classification     GRACE BIBLE COLLEGE GRACE BIBLE COLLEGE Ministry & Mission 2017-11-28 5 262.1 FER 012144 2025-05-01 2020-11-17 c.3 2017-11-28 Books
    Dewey Decimal Classification     GRACE BIBLE COLLEGE GRACE BIBLE COLLEGE Ministry & Mission 2017-11-28 7 262.1 FER 012145 2025-05-01 2023-02-21 c.4 2017-11-28 Books
    Dewey Decimal Classification     GRACE BIBLE COLLEGE GRACE BIBLE COLLEGE Ministry & Mission 2017-11-29 2 262.1 FER 012146 2025-05-01 2020-11-23 c.5 2017-11-29 Books
© Grace Bible College Library 2025